Discourse analysis for language teachers
Includes bibliographical references (p. 193-205) and index
সংরক্ষণ করুন:
| প্রধান লেখক: | |
|---|---|
| বিন্যাস: | গ্রন্থ |
| ভাষা: | Undetermined |
| প্রকাশিত: |
New York
Cambridge University Press
2014
|
| বিষয়গুলি: | |
| অনলাইন ব্যবহার করুন: | http://lrc.tdmu.edu.vn/opac/search/detail.asp?aID=2&ID=24680 |
| ট্যাগগুলো: |
ট্যাগ যুক্ত করুন
কোনো ট্যাগ নেই, প্রথমজন হিসাবে ট্যাগ করুন!
|
| Thư viện lưu trữ: | Trung tâm Học liệu Trường Đại học Thủ Dầu Một |
|---|
| LEADER | 00773nam a2200205Ia 4500 | ||
|---|---|---|---|
| 001 | TDMU_24680 | ||
| 008 | 210410s9999 xx 000 0 und d | ||
| 082 | |a 401.41 | ||
| 090 | |b MC109 | ||
| 100 | |a McCarthy, Michael | ||
| 245 | 0 | |a Discourse analysis for language teachers | |
| 245 | 0 | |c Michael McCarthy | |
| 260 | |a New York | ||
| 260 | |b Cambridge University Press | ||
| 260 | |c 2014 | ||
| 300 | |a x, 213 p. | ||
| 520 | |a Includes bibliographical references (p. 193-205) and index | ||
| 650 | |a Discourse analysis; Language and languages |x Study and teaching; Phân tích diễn ngôn; Ngôn ngữ |x Học và dạy | ||
| 856 | |u http://lrc.tdmu.edu.vn/opac/search/detail.asp?aID=2&ID=24680 | ||
| 980 | |a Trung tâm Học liệu Trường Đại học Thủ Dầu Một | ||